00722cam a22002177i 4500001000500000005001700005020003000022040002800052082000800080100002600088245003000114260003900144300005400183490001600237490003000253505000800283520013300291521002800424521002000452650003200472392020260318135354.0 a9780312496081 (hardcover) aDLCbengerdacDLCdDLC a5671 aPriddy, Rogereauthor10aDinosaurs /cRoger Priddy aNew York : bMartin Press ; c2005 a10 numbered page : bcolor illustrations ;c9 cm.0 aBright baby0 aChuncky books for fingers aB  aThis chunky little board book for the littlest hands features fun and bright images of kinds of dinosaurs and the names to read. a80 bLexile estimate  aB bRaz-Plus  0aMiniature booksvSpecimens.